000 00405nam a2200133 4500
005 20260530115308.0
100 1 _aMailla Klementinen Hikka Niemi
_932310
245 1 0 _aTaiteillijat Kuvasto ry / TAIKO ry 20º Anniversary / Information
264 1 _bYadeikasitolaiset TAIKO ry
_c2002
300 _a90 páginas
336 _atexto
_2rdacontent
337 _asin medio
_2rdamedia
338 _avolumen
_2rdacarrier
999 _c13183
_d13183